Doa 1 : Amin di rumah

Bibliographic Details
Main Author: Maruwiah Ahmat
Format: Book
Published: Selangor : Eagle Pub Sdn Bhd , 2009
Series:Siri doa harian Amin
Subjects:

MARC

LEADER 00000cam a2200000 7i4500
001 0000031792
005 20220105104050.0
008 120406
020 |a 9833537709 
090 0 0 |a JP   |b REG MAL 
100 0 |a Maruwiah Ahmat 
245 1 0 |a Doa 1 :   |b Amin di rumah   |c Maruwiah Ahmat 
260 |a Selangor :   |b Eagle Pub Sdn Bhd ,   |c 2009 
440 |a Siri doa harian Amin 
500 |a Children age 4-6 years old (yellow) 
650 0 |a Islam   |x Prayers and devotions 
650 0 |a Prayer   |x Islam 
999 |a 0001141922   |b Book   |c Children Collection   |e Perbadanan Perpustakaan Awam Johor